| 000 | 00437nab a2200145Ia 4500 | ||
|---|---|---|---|
| 003 | ES-SlBCS | ||
| 005 | 20210601124413.0 | ||
| 008 | 140529s1954 xxu||||| |||| 00| 0 eng d | ||
| 041 | _aeng | ||
| 100 | 1 |
_aBourke, Vernon J. _911523 |
|
| 245 | 0 | 0 |
_aSt. Augustine and the Cosmic Soul _c Vernon J. Bourke |
| 600 | 0 | 4 |
_aAgustín, San _9126082 |
| 773 | 0 |
_tGiornali di Metafisica _gvol. 9, nº. 4-5, 1954, págs. 431-440 _w0017-0372 |
|
| 942 | _cAR | ||
| 999 |
_c514238 _d514238 |
||